000 01315nam a2200361 c 4500
003 BLK
005 20180422101522.0
008 180408b bul|||||r ||||||| ||bul||
010 _aKNG00054684000
040 _aBLK
041 _aBUL
_cBUL
080 _aХранителни продукти. Приготвяне на храната
_b641
_x
_z641
100 1 _aЧижкова, Драхомира
_eпърви автор
_9141732
700 1 _aЯнева, Дора
_eпрев. от чеш.
_9368536
139 _aЧижкова, Драхомира
_bЧ 79
245 1 0 _aЯстия на грил
_bСб. рецепти
_cДрахомира Чижкова; прев. от чеш. Дора Янева.
257 _aCSK
260 София
_bМедицина и физкултура
_c1986
300 _a175 с.
_c21 см
380 _a62
500 _aОриг. загл. Grllovani / Drahomira Cizkova. - 80 109 тир.
650 4 _aГотварство
_9152335
650 4 _aЯстия - рецепти
_9241857
653 _aготварски рецепти
653 _aготварство
653 _aястия
653 _aгрил
852 _aЦб 140564
856 4 _qpdf
_u
856 4 _qpdf
_u
942 _cKNG
_n0
944 _aCR
_c13.07.2005
_kЛюдмила_Стоянова
944 _aED
_c11.08.2016
_kНора_Радева
999 _c50802
_d50802